000 nam a22 a 4500
999 _c57166
_d57166
003 BLK
005 20220712123844.0
008 180408b bul|||||r ||||||| ||bul||
010 _aKNG00061158000
040 _aBLK
041 _aBUL
_cBUL
080 _aЛозарство. Лози
_b634.8
_z634.8
100 1 _aМозер, Ленц
_eпърви автор
_9287388
139 _aМозер, Ленц
_bМ 79
245 1 0 _aНовото лозарство
_bПракт. справ.
_cЛенц Мозер ; прев. от нем. Мария Христова, Николай Ганев ; предг. от Йордан Иванов.
257 _aDEU
260 _aСофия
_bЗемиздат
_c1970
300 _a251 с., 1 л.
_bпортр., ил.
_c22 см
380 _a63
500 _aОриг. загл. Weinbau einmal anders
650 4 _aЛозарство
_9160787
653 _aлозарство
700 1 _aХристова, Мария
_eпрев. от нем.
_9287389
700 1 _aГанев, Николай
_eпрев. от нем.
_9287390
700 1 _aИванов, Йордан
_eпредг. от
_gНиколов, Йордан Иванов
_9363870
852 _aЦб 53888
_bЦб
942 _cKNG
_n0
_s1
944 _aCR
_c13.06.2004
_kГеновева_Генчева
944 _aED
_c2022-07-12
999 _d57166